المشرعات البحثية المدعومة : (رقم التسجيلة. 37062)

تفاصيل مارك
000 -LEADER
fixed length control field 00637nam a22001937a 4500
005 - DATE AND TIME OF LATEST TRANSACTION
control field 20251108170011.0
008 - FIXED-LENGTH DATA ELEMENTS--GENERAL INFORMATION
fixed length control field 250721s1997 xx 000 0 ara d
082 14 - DEWEY DECIMAL CLASSIFICATION NUMBER
Classification number 613.1/وزا
245 10 - TITLE STATEMENT
Title المشرعات البحثية المدعومة :
Remainder of title تحديد مستوى الرصاص في الدم لدى المواطن العربي /
264 1# - PRODUCTION, PUBLICATION, DISTRIBUTION, MANUFACTURE, AND COPYRIGHT NOTICE
Place of production, publication, distribution, manufacture عمان :
Name of producer, publisher, distributor, manufacturer المجلس الاعلى للعلوم،
Date of production, publication, distribution, manufacture, or copyright notice 1997.
300 ## - PHYSICAL DESCRIPTION
Extent 24ص
650 17 - SUBJECT ADDED ENTRY--TOPICAL TERM
Topical term or geographic name as entry element الصحة
650 17 - SUBJECT ADDED ENTRY--TOPICAL TERM
Topical term or geographic name as entry element الأمراض
650 17 - SUBJECT ADDED ENTRY--TOPICAL TERM
Topical term or geographic name as entry element صحة البيئة
650 17 - SUBJECT ADDED ENTRY--TOPICAL TERM
Topical term or geographic name as entry element الدم
710 2# - ADDED ENTRY--CORPORATE NAME
Corporate name or jurisdiction name as entry element وزارة الصحة . الأردن
942 ## - ADDED ENTRY ELEMENTS (KOHA)
Source of classification or shelving scheme Dewey Decimal Classification
Koha item type كتب
المقتنيات
حالة السحب حالة الفقدان مصدر التصنيف حالة التلف غير قابل للإعارة المكتبة الرئيسية المكتبة الحالية موقع الرف تاريخ التزويد الرقم المتسلسل Total Checkouts رقم الإستدعاء تاريخ آخر ظهور تاريخ الفاتورة نوع المادة (كوها) الباركود
    Dewey Decimal Classification     مكتبة صويلح العامة مكتبة صويلح العامة الإعارة 12/06/2019 {14565}   613.1/وزا 28/07/2025 12/06/2019 كتب PLD00453965
    Dewey Decimal Classification Unchecked   مكتبة وادي السير العامة مكتبة وادي السير العامة الإعارة 28/07/2025 8177   613.1/وزا 28/07/2025 28/07/2025 كتب  
Implemented & Customized by: BBB with SCIT (Smart Chains for Information Technology)

Powered by Koha